| 000 | 01071nam a2200253Ia 4500 | ||
|---|---|---|---|
| 010 | _aBAC-EN21, ENG-111457 | ||
| 020 |
_a9789383064755 _c699.00 |
||
| 035 | _aEN-94989 | ||
| 035 | _aB-587569-588 | ||
| 035 | _aB-664963 | ||
| 037 |
_bUppal/Ven _adpl |
||
| 037 | _bDBAD/PUB | ||
| 082 | _a823.914 | ||
| 100 | _aKhushwant Singh | ||
| 245 |
_aNinety nine (99) : _cby Khushwant Singh ;edited by David Davidar [and] Mala Dayal introduction by David Davidar ; afterword by Mala Dayal. _bunforgettable fiction, non-fiction, poetry & humour / |
||
| 260 |
_c2014 _aNew Delhi _bAleph Book |
||
| 270 |
_a7/16, Ansari Road, Daryaganj, _bNew Delhi _e110002 |
||
| 300 |
_c23cm(Hb) _axxxvi, 423 pages, 16 unnumbered pages of plates : _bill. |
||
| 700 | _a Davidar, David | ||
| 700 | _a Davidar, Mala | ||
| 942 |
_cEN _2ddc _mKHU _h823.914 |
||
| 999 |
_c89419 _d89419 |
||